Language Quiz

Random Language Quiz
Score 0/31 Timer 03:00
0 Plays Today
Bum % Correct
Rum
91.1%
Dumb
88.6%
Sum
87.4%
Hum
86.9%
Gum
84.2%
Plum
81.7%
Tum
81.2%
Mum
80.9%
Numb
80.7%
Crum
79.3%
Crumb
76.8%
Slum
76.7%
Drum
73.1%
Thumb
72.6%
Chum
72%
Cum
71.8%
Bum % Correct
Scum
71.5%
Yum
68.1%
Glum
66.3%
Come
62.6%
Strum
57.1%
Plumb
55.8%
Some
51.7%
Um
51.2%
Clum
49.4%
Scrum
48.5%
Brum
45.8%
Stum
42.1%
Swum
40.3%
Thrum
22.4%
Shrum
19.1%
Remove Ads.
Support Sporcle.
Get the best of Sporcle when you Go Orange. This ad-free experience offers more features, more stats, and more fun while also helping to support Sporcle. Thank you for becoming a member.

You're not logged in!

Compare scores with friends on all Sporcle quizzes.
OR
Log In

Show Comments

Extras

Created Dec 24, 2014ReportNominate
Tags:bum, Rhyme, Roblox

Top Quizzes Today


Score Distribution

Your Account Isn't Verified!

In order to create a playlist on Sporcle, you need to verify the email address you used during registration. Go to your Sporcle Settings to finish the process.

Report this User

Report this user for behavior that violates our Community Guidelines.

Details: